| 000 | 00622cam a22001815a 4500 | ||
|---|---|---|---|
| 001 | L154763 | ||
| 008 | 120117s1953 xxk f 000 0 eng d | ||
| 035 | _a(Sirsi) u154763 | ||
| 041 | 0 | _aeng | |
| 110 | 2 |
_aRoyal Institution of Chartered Surveyors _94900 |
|
| 245 | 0 | 0 |
_aFive centuries of maps & map-making _ban exhibition at 12 Great George Street, Westminster S.W.1 |
| 260 |
_aLondon _bRICS _c1953 |
||
| 300 |
_a127p. _bill. _c25cm. |
||
| 520 | _aCatalogue of an exhibition of maps held at the RICS headquarters from 10 June to 4 July 1953. | ||
| 651 | 4 |
_aUnited Kingdom _y |
|
| 690 |
_aMeasurement _96256 |
||
| 942 | _n0 | ||
| 999 |
_c113139 _d113139 |
||